• 首页
  • 本馆介绍
  • 公告通知
  • 最新文献
  • 馆藏检索
  • 电子资源
  • 读者导购
  • 参考咨询
  • 我的图书馆
  • 登录
  • 详细信息显示
  • 放入我的书架
  • 预约/预借图书
  • 作者相关作品
  • 分类相关作品
  • 丛书相关作品
  • 出版社相关作品

书目信息

  • 表格格式
  • 工作单格式
  • 卡片格式
题名:
全天候机器人视觉
    
 
作者: 田建东 著
分册:  
出版信息: 武汉   华中科技大学出版社  2020
页数: 259页
开本: 24cm
丛书名: 智能制造与机器人理论及技术研究丛书
单 册:
中图分类: TP242.6
科图分类:
主题词: 机器人视觉--研究
电子资源:
ISBN: 978-7-5680-6131-5
000 01524nam0 2200253 450
001 2277759115
005 20220930213611.22
010    @a978-7-5680-6131-5@b精装@dCNY136.00
100    @a20201029d2020 em y0chiy50 ea
101 0  @achi
102    @aCN@b420000
105    @aa z 000yy
200 1  @a全天候机器人视觉@9quan tian hou ji qi ren shi jue@f田建东著
210    @a武汉@c华中科技大学出版社@d2020
215    @a259页@c彩照,图@d24cm
225 1  @a智能制造与机器人理论及技术研究丛书@v25@f丁汉,孙容磊总主编
300    @a国家出版基金项目 国家出版基金资助项目 “十三五”国家重点图书出版规划项目
330    @a本书依托国家自然科学基金“共融机器人基础理论与关键技术研究”重大研究计划培育项目--面向室外复杂光照与气象条件的共融机器人多模感知系统撰写而成。复杂多变的光照环境与气象条件给机器人的自主作业及主动安全带来了诸多问题,降低了其算法的鲁棒性及环境自适应性。寻求该问题的有效解决方案一直是机器人视觉及相关学科的重要研究方向。不同于目前单纯基于图像数据处理的研究方式,我们从大气物理与光学成像的角度去研究和解决问题,形成了研究特色及理论体系,取得了一系列原创性成果。本书将以这些理论成果为基础,详细系统地论述复杂光照与恶劣环境下机器人视觉系统的环境感知、建模及图像预处理技术。这些技术将图像与环境相关联,为研究机器人环境智能感知提供了理论基础,对于提高机器人的自主环境感知能力研究具有积极的科学意义。
461  0 @12001 @a智能制造与机器人理论及技术研究丛书
606 0  @a机器人视觉@x研究
690    @aTP242.6@v5
701  0 @a田建东@9tian jian dong@4著
801  0 @aCN@b91MARC@c20201030
905    @aZUCC@dTP242.6@e12
    
    全天候机器人视觉/田建东著.-武汉:华中科技大学出版社,2020
    259页:彩照,图;24cm.-(智能制造与机器人理论及技术研究丛书;25/丁汉,孙容磊总主编)
    国家出版基金项目 国家出版基金资助项目 “十三五”国家重点图书出版规划项目
    
    ISBN 978-7-5680-6131-5(精装):CNY136.00
    本书依托国家自然科学基金“共融机器人基础理论与关键技术研究”重大研究计划培育项目--面向室外复杂光照与气象条件的共融机器人多模感知系统撰写而成。复杂多变的光照环境与气象条件给机器人的自主作业及主动安全带来了诸多问题,降低了其算法的鲁棒性及环境自适应性。寻求该问题的有效解决方案一直是机器人视觉及相关学科的重要研究方向。不同于目前单纯基于图像数据处理的研究方式,我们从大气物理与光学成像的角度去研究和解决问题,形成了研究特色及理论体系,取得了一系列原创性成果。本书将以这些理论成果为基础,详细系统地论述复杂光照与恶劣环境下机器人视觉系统的环境感知、建模及图像预处理技术。这些技术将图像与环境相关联,为研究机器人环境智能感知提供了理论基础,对于提高机器人的自主环境感知能力研究具有积极的科学意义。
●
相关链接 在五车中查询图书 在当当中查询图书 在豆瓣中查询图书


正题名:全天候机器人视觉     索取号:TP242.6/12         预约/预借

序号 登录号 条形码 馆藏地/架位号 状态 备注
1 2000909752   2000909752   第三书库/ [索取号:TP242.6/12] 在馆    
2 2000909753   2000909753   第三书库/ [索取号:TP242.6/12] 在馆    
3 2000909754   2000909754   第三书库/ [索取号:TP242.6/12] 在馆    
山东省滨州职业学院图书馆 欢迎您!
大连网信软件有限公司© 版权所有